| 000 | 00569nam a2200217Ia 4500 | ||
|---|---|---|---|
| 008 | 180523s9999 xx 000 0 und d | ||
| 020 | _a978-0-374-29279-9 | ||
| 050 | _aMAIN HM 846 | ||
| 050 | _b.F75 2005 | ||
| 100 | _aFriedman, Thomas L. | ||
| 245 | 4 | _aThe World is flat : | |
| 245 | 2 | _ba brief history of the twenty-first century / | |
| 245 | 0 | _cThomas L. Friedman. | |
| 260 | _aUSA : | ||
| 260 | _bDouglas and McIntyre Ltd., | ||
| 260 | _c2006 | ||
| 300 | _a593 pages : | ||
| 300 | _billustrations ; | ||
| 300 | _c21 cm. | ||
| 500 | _aIncludes index. | ||
| 999 |
_c357283 _d357283 |
||